[Event "It"]
[Site "masterchessopen.com Beverwijk (Netherlands)"]
[Round "0"]
[White "Donner Jan-Hein (NED)"]
[Black "O'kelly De Galway Alberic (BEL)"]
[Result "0-1"]
[WhiteElo "2430"]
[BlackElo "2460"]

1.d4 Nf6 2.c4 e6 3.Nc3 Bb4 4.e3 O-O 5.Bd3 d5 6.a3 Bxc3+ 7.bxc3 dxc4 8.Bxc4 c5
9.Ne2 Qc7 10.Bd3 Rd8 11.O-O Nc6 12.Qc2 e5 13.Bb2 Be6 14.Bf5 Bxf5 15.Qxf5 Ne7
16.Qb1 Nc6 17.Qc2 Na5 18.dxe5 Qxe5 19.c4 Qe4 20.Qa4 b6 21.Bxf6 gxf6 22.Rac1
Rd2 23.Nc3 Qe8 24.Qxe8+ Rxe8 25.Nd5 Kg7 26.Nf4 Red8 27.Rc3 f5 28.h4 Ra2 29.Nd5
Nxc4 30.Rxc4 Rxd5 31.a4 h5 32.Rf4 Kg6 33.Re1 Re5 34.Rd1 Re4 35.Rd6+ f6 {#R}
0-1

[Event "Ch Bulgaria"]
[Site "masterchessopen.com Sofia (Bulgaria)"]
[Date "1953.10.28"]
[Round "9"]
[White "Pelitov Dimitar (BUL)"]
[Black "Padevsky Nikola (BUL)"]
[Result "0-1"]
[WhiteElo "2165"]
[BlackElo "2355"]

1.d4 Nf6 2.c4 e6 3.Nc3 Bb4 4.e3 O-O 5.Bd3 d5 6.a3 Bxc3+ 7.bxc3 c5 8.Ne2 Qc7
9.cxd5 exd5 10.O-O b6 11.f3 Re8 12.Ng3 Bb7 13.Re1 Nc6 14.Bb2 Rad8 15.Rc1 Qd7
16.Bb1 h5 17.Qd3 g6 18.h3 h4 19.Nh1 Re6 20.Rcd1 Rde8 21.Nf2 Na5 22.Ba2 c4
23.Qd2 Bc6 24.Re2 R6e7 25.Rde1 Nb7 26.Bb1 Nd6 27.Bc2 Kg7 28.Bc1 Kh8 29.Qd1 Bb7
30.Bd2 Kg7 31.Qb1 Nh5 32.e4 Ng3 33.Re3 dxe4 34.fxe4 Qc6 35.d5 Qc5 36.Qb4 Qc7
{#R} 0-1

[Event "It"]
[Site "masterchessopen.com Mar del Plata (Argentina)"]
[Round "0"]
[White "Albert Horacio (ARG)"]
[Black "Behrensen Jorge (ARG)"]
[Result "0-1"]
[WhiteElo "2121"]
[BlackElo "2325"]

1.d4 Nf6 2.c4 e6 3.Nc3 Bb4 4.e3 O-O 5.Bd3 d5 6.a3 Bxc3+ 7.bxc3 c5 8.cxd5 exd5
9.Ne2 b6 10.O-O Ba6 11.Bxa6 Nxa6 12.f3 Re8 13.Qd3 Nc7 14.Ng3 Ne6 15.Bb2 Rc8
16.Rae1 Qc7 17.Rf2 g6 18.e4 Nf4 19.Qd2 c4 20.Rff1 Nd3 21.Re3 Qe7 22.e5 Nd7
23.f4 f5 24.Re2 Nf8 25.Rf3 Ne6 26.Nf1 b5 27.g3 a5 28.Rg2 b4 29.axb4 axb4 30.g4
Nxb2 31.gxf5 bxc3 32.Rxc3 Nd3 33.fxe6 Qxe6 34.Ng3 Qb6 35.Qe3 Qb1+ 36.Nf1 Rf8
37.Rg4 Qd1 38.h3 Ra8 39.Qd2 Ra1 40.Qg2 Kh8 {#R} 0-1

[Event "Ch Czechoslovakia"]
[Site "masterchessopen.com Ostrava (Czech Republic)"]
[Round "6"]
[White "Kupka Slavoj (CZE)"]
[Black "Vesely Jaromir (CZE)"]
[Result "0-1"]
[WhiteElo "2169"]
[BlackElo "1979"]

1.d4 Nf6 2.c4 e6 3.Nc3 Bb4 4.e3 O-O 5.Bd3 d5 6.a3 Bxc3+ 7.bxc3 e5 8.cxd5 e4
9.Bb1 Qxd5 10.Ne2 b6 11.Ba2 Qd6 12.c4 Ba6 13.O-O Nbd7 14.Ng3 c5 15.Bb2 b5
16.cxb5 Bxb5 17.dxc5 Qxc5 18.Rc1 Qg5 19.Bc4 Rab8 20.Qd4 Rfe8 21.Ba1 a6 22.Bxb5
Rxb5 23.Rc7 Nc5 24.Qd6 Qd5 25.Qc6 Ne6 26.Rc8 Nd8 27.Qxa6 Ra5 28.Qe2 Qe6 29.Rb8
Rxa3 30.Rd1 Ra2 31.Qb5 Nc6 32.Rxe8+ Nxe8 33.h3 h6 34.Bc3 Nc7 35.Qc5 Rc2 36.Qa3
Qc4 37.Qd6 Nb5 38.Qd5 Qxd5 39.Rxd5 Nxc3 40.Rc5 Ne2+ {#R} 0-1

[Event "?"]
[Site "masterchessopen.com Tbilisi (Georgia)"]
[Round "0"]
[White "Dzindzichashvili Roman (USA)"]
[Black "Zaitsev Igor A (RUS)"]
[Result "1-0"]
[WhiteElo "2550"]
[BlackElo "2408"]

1.d4 Nf6 2.c4 e6 3.Nc3 Bb4 4.e3 O-O 5.Bd3 d5 6.a3 Bxc3+ 7.bxc3 b6 8.Nf3 Bb7
9.cxd5 exd5 10.O-O c5 11.Ne5 Nbd7 12.f3 Qc7 13.Nxd7 Qxd7 14.Qe1 Ne8 15.Qh4 f5
16.Bd2 Nd6 17.Rae1 Rae8 18.h3 Re7 19.g4 g6 20.Bc1 c4 21.Bb1 Rfe8 22.Qg3 fxg4
23.fxg4 Ne4 24.Bxe4 Rxe4 25.Rf3 Bc6 26.Ref1 R4e7 27.Qf2 h6 28.Rf8+ Rxf8
29.Qxf8+ Kh7 30.e4 Rg7 31.Bf4 Qe8 32.Be5 Re7 33.exd5 Bxd5 34.Rf7+ {#r} 1-0

[Event "Ch Europe (team) (qual)"]
[Site "masterchessopen.com Veseli (Czech Republic)"]
[Round "3"]
[White "Filip Miroslav (CZE)"]
[Black "Skold Kristian (SWE)"]
[Result "1-0"]
[WhiteElo "2465"]
[BlackElo "2340"]

1.d4 Nf6 2.c4 e6 3.Nc3 Bb4 4.e3 O-O 5.Bd3 d5 6.a3 Bxc3+ 7.bxc3 b6 8.cxd5 exd5
9.Ne2 Re8 10.f3 c5 11.O-O Ba6 12.Ng3 Bxd3 13.Qxd3 Nc6 14.Bb2 Rc8 15.Rae1 Rc7
16.e4 cxd4 17.cxd4 g6 18.Kh1 Kg7 19.Qe3 Ng8 20.Qf4 Rd7 21.a4 h6 22.Rc1 Re6
23.Qe3 Kh7 24.Ne2 Na5 25.Bc3 dxe4 26.fxe4 Qe8 27.Ng3 f5 28.Bxa5 bxa5 29.e5 Ne7
30.Ne2 Nd5 31.Qf3 Qd8 32.Rc5 Re8 33.Rfc1 Ne7 34.Nf4 Qb6 35.d5 Rdd8 36.d6 Rc8
37.Rxc8 Rxc8 38.Rf1 g5 39.Nd5 Nxd5 40.Qxf5+ {#r} 1-0

[Event "It \"]
[Site "masterchessopen.com Vilnius (Lithuania)"]
[Round "1"]
[White "Reshevsky Samuel H (USA)"]
[Black "Piesina Gintautas (LTU)"]
[Result "0-1"]
[WhiteElo "2490"]
[BlackElo "2390"]

1.d4 Nf6 2.c4 e6 3.Nc3 Bb4 4.e3 O-O 5.Bd3 d5 6.a3 Bxc3+ 7.bxc3 dxc4 8.Bxc4 c5
9.Ne2 Qc7 10.Bd3 Nc6 11.O-O e5 12.Qc2 Be6 13.Rb1 Rac8 14.Bf5 Bxf5 15.Qxf5 Rfd8
16.Bb2 Qd7 17.Qf3 Qe6 18.dxe5 Nxe5 19.Qxb7 Rb8 20.Qxa7 Qa2 21.Qxc5 Nd3 22.Qa5
Nxb2 23.Nd4 Nc4 24.Rxb8 Rxb8 25.Qc7 Rf8 26.h3 Nd2 27.Re1 Nde4 28.Rf1 Qxa3
29.c4 Qc5 30.Qf4 Qxc4 31.Rb1 h6 32.Rb8 Rxb8 33.Qxb8+ Kh7 34.Qf4 Nd2 35.Nf5
Qc1+ {#R} 0-1

[Event "Tournament"]
[Site "masterchessopen.com Copenhagen (Denmark)"]
[Round "4"]
[White "Hoi Carsten (DEN)"]
[Black "Gallmeyer Peter (DEN)"]
[Result "1-0"]
[WhiteElo "2355"]
[BlackElo "2235"]

1.d4 Nf6 2.c4 e6 3.Nc3 Bb4 4.e3 O-O 5.Bd3 d5 6.a3 Bxc3+ 7.bxc3 c5 8.cxd5 exd5
9.Ne2 b6 10.O-O Ba6 11.Bxa6 Nxa6 12.Qd3 Qc8 13.f3 Rd8 14.Bb2 Qb7 15.Ng3 Rac8
16.Rae1 Nc7 17.e4 Ne6 18.e5 Ne8 19.f4 Qc6 20.f5 Nf8 {#r} 1-0

[Event "It"]
[Site "masterchessopen.com Malme (Sweden)"]
[Round "6"]
[White "Hoi Carsten (DEN)"]
[Black "Niklasson Christer (SWE)"]
[Result "0-1"]
[WhiteElo "2355"]
[BlackElo "2385"]

1.d4 Nf6 2.c4 e6 3.Nc3 Bb4 4.e3 O-O 5.Bd3 d5 6.a3 Bxc3+ 7.bxc3 dxc4 8.Bxc4 c5
9.Ne2 Qc7 10.Bd3 Nc6 11.O-O e5 12.Bb2 e4 13.Bb1 Na5 14.Ba2 c4 15.Ng3 b6 16.a4
Re8 17.Ba3 Nd5 18.Qc2 f5 19.Rae1 Bd7 20.f3 exf3 21.Rxf3 f4 22.Ne4 Bxa4 23.Qxa4
Rxe4 24.Bb4 Rxe3 25.Rfxe3 Nxe3 26.d5 Qe5 27.Qd7 Nb3 28.d6 Qd5 29.Qh3 Qd2 {#R}
0-1

[Event "It (open)"]
[Site "masterchessopen.com Copenhagen (Denmark)"]
[Round "8"]
[White "Hoi Carsten (DEN)"]
[Black "Pokojowczyk Jerzy (POL)"]
[Result "1-0"]
[WhiteElo "2415"]
[BlackElo "2390"]

1.d4 Nf6 2.c4 e6 3.Nc3 Bb4 4.e3 O-O 5.Bd3 d5 6.a3 Bxc3+ 7.bxc3 dxc4 8.Bxc4 c5
9.Ne2 Qc7 10.Bd3 b6 11.O-O Bb7 12.f3 Nbd7 13.Bb2 e5 14.e4 Rad8 15.Rc1 c4
16.Bc2 Nc5 17.a4 Ne6 18.Qe1 Nh5 19.Rd1 Nhf4 20.Nxf4 Nxf4 21.Qe3 Ba6 22.d5 Nd3
23.Ba3 Rfe8 24.a5 Rb8 25.axb6 axb6 26.Ra1 Ra8 27.Rfb1 Reb8 28.Ba4 Bc8 29.Bc6
Bd7 {#r} 1-0

[Event "Tournament"]
[Site "masterchessopen.com Vejle (Denmark)"]
[Round "5"]
[White "Hoi Carsten (DEN)"]
[Black "Brinck-Claussen Bjorn (DEN)"]
[Result "1-0"]
[WhiteElo "2390"]
[BlackElo "2375"]

1.d4 Nf6 2.c4 e6 3.Nc3 Bb4 4.e3 O-O 5.Bd3 d5 6.a3 Bxc3+ 7.bxc3 dxc4 8.Bxc4 c5
9.Ne2 Nc6 10.O-O e5 11.Bb2 Qc7 12.Bd3 Rd8 13.f3 Be6 14.Rc1 Qb6 15.Ba1 a6
16.Rb1 Qc7 17.Qe1 Rd7 18.Qh4 b5 19.Kh1 Bc4 20.Bxc4 bxc4 21.Ng3 Ne7 22.dxe5 Ng6
23.Qxc4 Nxe5 24.Qh4 c4 25.Nf5 Ng6 26.Qg3 Qc5 27.e4 Rad8 28.Rb8 Qxa3 29.Bb2 Qf8
30.Rxd8 Qxd8 31.h3 Nh5 32.Qe1 Ngf4 33.Ba3 Qg5 34.g4 h6 35.h4 Qg6 36.Rg1 Nd3
37.gxh5 Qxh5 38.Rxg7+ Kh8 39.Qg3 Rd8 40.Rh7+ {#r} 1-0

[Event "Ch New Zealand"]
[Site "masterchessopen.com Dunedin (New Zealand)"]
[Round "3"]
[White "Sutton Richard J (NZL)"]
[Black "Garbett Paul Anthony (NZL)"]
[Result "0-1"]
[WhiteElo "2259"]
[BlackElo "2290"]

1.d4 Nf6 2.c4 e6 3.Nc3 Bb4 4.e3 O-O 5.Bd3 d5 6.a3 Bxc3+ 7.bxc3 c5 8.cxd5 exd5
9.Ne2 b6 10.O-O Ba6 11.f3 Qe7 12.Ng3 Rd8 13.Ra2 Bxd3 14.Qxd3 Nc6 15.Re2 Qe6
16.Rd1 Rac8 17.Bb2 h6 18.Ree1 Na5 19.Qe2 Nc4 20.e4 dxe4 21.fxe4 b5 22.Bc1 Re8
23.Qf3 Rcd8 24.e5 Nd5 25.Nf5 cxd4 26.cxd4 Ne7 27.Ng3 Rd5 28.Ne4 Nf5 29.Nc5
Nxd4 30.Rxd4 Rxc5 31.Rde4 Rxe5 {#R} 0-1

[Event "It (open)"]
[Site "masterchessopen.com Amsterdam (Netherlands)"]
[Round "8"]
[White "Enklaar Bertus F (NED)"]
[Black "Borm Franciscus W M (NED)"]
[Result "1-0"]
[WhiteElo "2395"]
[BlackElo "2385"]

1.d4 Nf6 2.c4 e6 3.Nc3 Bb4 4.e3 O-O 5.Bd3 d5 6.a3 Bxc3+ 7.bxc3 dxc4 8.Bxc4 c5
9.Ne2 Nbd7 10.O-O Qc7 11.Ba2 b6 12.Ng3 Bb7 13.Bb2 Rfd8 14.Qe2 cxd4 15.exd4 Nd5
16.Qd2 Nf4 17.f3 Nf6 18.Ne4 N6d5 19.c4 Ne7 20.Rac1 Nfg6 21.Rfe1 Qf4 22.Qf2 Nf5
23.g3 Qc7 24.d5 exd5 25.cxd5 Qd7 26.g4 Nd6 27.Qd4 f6 28.Rc6 Ne5 29.Nxf6+ gxf6
30.Rxe5 Qg7 31.Re6 Bxc6 32.Rxd6 Rf8 33.dxc6+ {#r} 1-0

[Event "It (cat.9)"]
[Site "masterchessopen.com Baden-Baden (Germany)"]
[Round "0"]
[White "Ermenkov Evgenij (PLE)"]
[Black "Kindermann Stefan (AUT)"]
[Result "0-1"]
[WhiteElo "2520"]
[BlackElo "2519"]

1.d4 Nf6 2.c4 e6 3.Nc3 Bb4 4.e3 O-O 5.Bd3 d5 6.a3 Bxc3+ 7.bxc3 dxc4 8.Bxc4 c5
9.Ne2 Nc6 10.O-O e5 11.Bb2 Qc7 12.Rc1 Na5 13.Ba2 Rd8 14.Ng3 Be6 15.Bxe6 fxe6
16.Qe2 c4 17.e4 Nb3 18.Rcd1 b5 19.Qe3 a5 20.Ne2 Qb6 21.Rfe1 exd4 22.cxd4 b4
23.Qh3 c3 24.axb4 axb4 25.Nxc3 bxc3 26.Bxc3 Nxd4 27.Bxd4 Rxd4 28.Rxd4 Qxd4
29.Qxe6+ Kh8 30.e5 Ng4 31.Qf5 Qxe5 32.Qxe5 Nxe5 33.Rxe5 Ra1+ {#R} 0-1

[Event "?"]
[Site "masterchessopen.com Reykjavik (Iceland)"]
[Round "0"]
[White "Hansen Curt (DEN)"]
[Black "Larsen Bent (DEN)"]
[Result "0-1"]
[WhiteElo "2500"]
[BlackElo "2565"]

1.d4 Nf6 2.c4 e6 3.Nc3 Bb4 4.e3 O-O 5.Bd3 d5 6.a3 Bxc3+ 7.bxc3 dxc4 8.Bxc4 c5
9.Nf3 Qc7 10.Ba2 b6 11.O-O Bb7 12.c4 Nbd7 13.Bb2 Rad8 14.d5 exd5 15.cxd5 c4
16.d6 Qc6 17.Rc1 b5 18.Bb1 Rfe8 19.Re1 Re6 20.e4 Rxd6 21.Qc2 Nc5 22.e5 Rd2
23.Qf5 g6 24.Qg5 Ne6 25.Qh4 Rxb2 26.exf6 Qd6 27.Be4 Bxe4 28.Rxe4 h5 29.Rce1
Nf8 30.g4 Qd5 31.Ne5 Rb1 32.gxh5 Rxe1+ 33.Rxe1 Re8 34.Qg5 Nd7 35.hxg6 Rxe5
36.Rxe5 Nxe5 37.gxf7+ Kxf7 38.Qg7+ Ke6 39.h4 Qd1+ 40.Kh2 Qg4 {#R} 0-1

[Event "Ch Scotland"]
[Site "masterchessopen.com St. Andrews (Scotland)"]
[Round "4"]
[White "Pyrich George (SCO)"]
[Black "Muir Andrew J (SCO)"]
[Result "0-1"]
[WhiteElo "2014"]
[BlackElo "2311"]

1.d4 Nf6 2.c4 e6 3.Nc3 Bb4 4.e3 O-O 5.Bd3 d5 6.a3 Bxc3+ 7.bxc3 b6 8.cxd5 exd5
9.Ne2 Ba6 10.Bxa6 Nxa6 11.O-O c5 12.f3 Qd7 13.Ng3 cxd4 14.cxd4 Rac8 15.Qd3 Qa4
16.e4 Nb4 17.Qd1 Nc2 18.Rb1 dxe4 19.fxe4 Qxd4+ 20.Qxd4 Nxd4 21.Bb2 Rfd8
22.Rbd1 Nc2 23.Rxd8+ Rxd8 24.Nf5 Nxe4 25.Rc1 f6 26.h4 Rd2 27.h5 Kf7 28.Nh4 Ng3
29.Nf3 Ne2+ 30.Kf1 Nxc1 31.Nxd2 Nd3 {#R} 0-1

[Event "Ch Iceland"]
[Site "masterchessopen.com Akureyri (Iceland)"]
[Round "6"]
[White "Thorsteins Karl (ISL)"]
[Black "Petursson Margeir (ISL)"]
[Result "0-1"]
[WhiteElo "2469"]
[BlackElo "2535"]

1.d4 Nf6 2.c4 e6 3.Nc3 Bb4 4.e3 O-O 5.Bd3 d5 6.a3 Bxc3+ 7.bxc3 dxc4 8.Bxc4 c5
9.Ne2 Nc6 10.O-O e5 11.Ba2 b6 12.Qc2 Ba6 13.Rd1 cxd4 14.exd4 Qc8 15.d5 Na5
16.Ng3 Kh8 17.Nf5 e4 18.Ne3 Bd3 19.Qd2 Ng4 20.f3 Nxe3 21.Qxe3 f5 22.fxe4 fxe4
23.Qd4 Qf5 24.Bb2 Rac8 25.Rac1 Nc4 26.Ba1 b5 27.h3 a6 28.a4 Rcd8 29.Qa7 e3
30.Bxc4 Qf2+ 31.Kh2 bxc4 32.Qd4 Rf4 33.Qb6 Rdf8 34.d6 Be4 35.Rg1 Rg4 {#R} 0-1

[Event "Bundesliga 1987/88"]
[Site "masterchessopen.com Germany"]
[Round "0"]
[White "Schlehoefer Ralf (GER)"]
[Black "Cladouras Panagiotis (GER)"]
[Result "0-1"]
[WhiteElo "2312"]
[BlackElo "2370"]

1.d4 Nf6 2.c4 e6 3.Nc3 Bb4 4.e3 O-O 5.Bd3 d5 6.a3 Bxc3+ 7.bxc3 c5 8.Ne2 Nc6
9.cxd5 exd5 10.O-O Bg4 11.f3 Bh5 12.Nf4 Bg6 13.Nxg6 hxg6 14.Bb2 Re8 15.Qd2 Rc8
16.Rad1 Na5 17.Qf2 cxd4 18.cxd4 Nc4 19.Bc1 Nd6 20.g4 Qd7 21.h4 Rc3 22.Kg2 Nc4
23.Rg1 Qb5 24.Kh1 Qb3 25.Qe2 b5 26.h5 Rxc1 27.Rxc1 Rxe3 28.Bxc4 dxc4 29.Qd1
Qxa3 30.Ra1 Qe7 31.hxg6 fxg6 32.Re1 Nd5 33.Rxe3 Qxe3 34.Rxa7 c3 35.Qb3 Qxf3+
36.Kh2 Kh7 37.Ra8 Nf6 {#R} 0-1

[Event "It \"]
[Site "masterchessopen.com Prague (Czech Republic)"]
[Round "0"]
[White "Cvitan Ognjen (CRO)"]
[Black "Prandstetter Eduard (CZE)"]
[Result "1-0"]
[WhiteElo "2510"]
[BlackElo "2296"]

1.d4 e6 2.c4 Nf6 3.Nc3 Bb4 4.e3 O-O 5.Bd3 d5 6.a3 Bxc3+ 7.bxc3 c5 8.cxd5 exd5
9.Ne2 Re8 10.f3 Nc6 11.O-O Nh5 12.g4 Nf6 13.Ng3 h6 14.Ra2 Qa5 15.h4 c4 16.Bc2
Qd8 17.Bb1 Nh7 18.Rh2 Nf8 19.e4 Qb6 20.Bc2 Qa5 21.Qd2 dxe4 22.Nxe4 Qc7 23.g5
hxg5 24.Qxg5 Qe7 25.Qg3 f5 26.Nd6 Rd8 27.Nxc8 Rdxc8 28.Bxf5 Re8 29.h5 Qf6
30.Be4 Rad8 31.h6 g6 32.h7+ Kh8 33.Bg5 Qd6 34.Bf4 Qf6 35.Bxc6 bxc6 36.Be5 Rxe5
37.Qxe5 {#r} 1-0

[Event "?"]
[Site "masterchessopen.com Reggio Emilia (Italy)"]
[Round "0"]
[White "Trincardi Tullio (ITA)"]
[Black "Fabbri Mario (ITA)"]
[Result "0-1"]
[WhiteElo "2235"]
[BlackElo "2180"]

1.d4 Nf6 2.c4 e6 3.Nc3 Bb4 4.e3 O-O 5.Bd3 d5 6.a3 Bxc3+ 7.bxc3 c5 8.cxd5 exd5
9.Ne2 b6 10.O-O Ba6 11.Bxa6 Nxa6 12.a4 Re8 13.f3 Rc8 14.Ng3 cxd4 15.cxd4 Nb4
16.Qb3 Nc6 17.Bd2 Na5 18.Bxa5 bxa5 19.Rfc1 Qe7 20.Rxc8 Rxc8 21.Nf1 g6 22.Rb1
Kg7 23.Qb5 Rc2 24.Qxa5 Qa3 25.Rd1 Qb3 26.Rd2 Rc1 27.Kf2 Qc4 28.Re2 Ra1 29.Nd2
Qc1 30.Nb3 Qf1+ 31.Kg3 Qxe2 32.Nxa1 Qxe3 33.Nc2 Ne4+ {#R} 0-1

[Event "It (cat.10)"]
[Site "masterchessopen.com Beer-Sheva (Israel)"]
[Round "4"]
[White "Greenfeld Alon (ISR)"]
[Black "Shrentzel Israel (ISR)"]
[Result "1-0"]
[WhiteElo "2550"]
[BlackElo "2385"]

1.d4 Nf6 2.c4 e6 3.Nc3 Bb4 4.e3 O-O 5.Bd3 d5 6.a3 Bxc3+ 7.bxc3 c5 8.Ne2 dxc4
9.Bxc4 Qc7 10.Bd3 e5 11.O-O b6 12.Ng3 Nbd7 13.e4 cxd4 14.cxd4 exd4 15.Bg5 h6
16.Rc1 Qb8 17.Bh4 g5 18.Qd2 gxh4 19.Qxh6 Re8 20.Qg5+ Kf8 21.Nf5 Re6 22.Bc4 Ne5
23.Qg7+ Ke8 24.Qh8+ Kd7 25.Bb5+ Rc6 26.Rxc6 {#r} 1-0

[Event "Ch URS (1/2 final)"]
[Site "masterchessopen.com Minsk (Belarus)"]
[Round "0"]
[White "Zaiatz Elena (RUS)"]
[Black "Vitolins Alvis (LAT)"]
[Result "0-1"]
[WhiteElo "2230"]
[BlackElo "2415"]

1.d4 Nf6 2.c4 e6 3.Nc3 Bb4 4.e3 O-O 5.Bd3 d5 6.a3 Bxc3+ 7.bxc3 dxc4 8.Bxc4 e5
9.Ne2 c5 10.Ba2 Nc6 11.d5 Ne7 12.c4 b5 13.Nc3 bxc4 14.e4 Qa5 15.Bd2 Ba6 16.O-O
Nc8 17.f4 Nd7 18.Rf3 f6 19.Rh3 Rf7 20.Ne2 Qc7 21.Qa4 Bb7 22.Qxc4 Nd6 23.Qc2 c4
24.Rc3 Nc5 25.Ng3 Nd3 26.Rxd3 cxd3 27.Qxd3 Qb6+ 28.Kh1 Ba6 29.Qf3 Rc8 30.Rb1
Qd4 31.Bb4 Rfc7 32.h4 Rc1+ 33.Rxc1 Rxc1+ 34.Kh2 exf4 {#R} 0-1

[Event "It \"]
[Site "masterchessopen.com Budapest (Hungary)"]
[Round "0"]
[White "Hoi Carsten (DEN)"]
[Black "Tolnai Tibor (HUN)"]
[Result "0-1"]
[WhiteElo "2372"]
[BlackElo "2470"]

1.d4 Nf6 2.c4 e6 3.Nc3 Bb4 4.e3 O-O 5.Bd3 d5 6.a3 Bxc3+ 7.bxc3 c5 8.cxd5 exd5
9.Ne2 b6 10.O-O Ba6 11.Ng3 Bxd3 12.Qxd3 Nc6 13.Bb2 Na5 14.Rad1 cxd4 15.cxd4
Re8 16.f3 Nc4 17.Bc1 Nd6 18.Rfe1 h5 19.Nf5 Nxf5 20.Qxf5 Qd7 21.Qd3 Rac8 22.Bd2
Qa4 23.Rc1 Rc4 24.h3 g6 25.e4 Rxd4 26.Qe3 dxe4 27.Bc3 Rd3 28.Qh6 Rxc3 29.Rxc3
Qa5 30.Qc1 Qf5 31.Rce3 Rc8 32.Qb1 Qg5 33.fxe4 h4 34.e5 Nd5 35.Rb3 Nf4 36.Qe4
Rc4 37.Qf3 Rc2 {#R} 0-1

[Event "It (cat.10)"]
[Site "masterchessopen.com London (England)"]
[Round "0"]
[White "Sadler Matthew (ENG)"]
[Black "Wilder Michael (USA)"]
[Result "1-0"]
[WhiteElo "2625"]
[BlackElo "2540"]

1.d4 Nf6 2.c4 e6 3.Nc3 Bb4 4.e3 O-O 5.Bd3 d5 6.a3 Bxc3+ 7.bxc3 dxc4 8.Bxc4 c5
9.Ne2 Qc7 10.Bd3 Nc6 11.O-O Rd8 12.Bb2 e5 13.Ng3 exd4 14.cxd4 cxd4 15.Qc2 Qd6
16.Rad1 Bg4 17.f3 Be6 18.exd4 h6 19.d5 Nxd5 20.Bh7+ Kf8 21.Nh5 Ne5 22.f4 Ng4
23.Bxg7+ Ke7 24.Bd4 Rac8 25.Qb2 Qc7 26.Rfe1 Rd6 27.h3 Nc3 28.hxg4 Nxd1 29.Rxd1
Bxg4 30.Bf6+ Ke8 31.Qe5+ {#r} 1-0

[Event "It"]
[Site "masterchessopen.com Sverdlovsk (Russia)"]
[Round "0"]
[White "Fradkin Boris (RUS)"]
[Black "Luther Thomas (GER)"]
[Result "0-1"]
[WhiteElo "2445"]
[BlackElo "2518"]

1.d4 Nf6 2.c4 e6 3.Nc3 Bb4 4.e3 O-O 5.Bd3 d5 6.a3 Bxc3+ 7.bxc3 dxc4 8.Bxc4 c5
9.Ne2 Nbd7 10.O-O e5 11.a4 Qc7 12.Ba2 b6 13.Ba3 Ba6 14.c4 Rfe8 15.d5 e4 16.Ng3
Qe5 17.Qc2 Qg5 18.Rae1 h5 19.f4 exf3 20.gxf3 h4 21.Qf5 Re5 22.Qh3 hxg3 23.f4
Qh5 24.Qxh5 Rxh5 25.hxg3 Ne4 26.Kg2 Ndf6 27.Bb2 Ng4 28.Rh1 Rxh1 29.Rxh1 Re8
30.Kf3 f5 31.Rh5 Nef6 32.Bxf6 Rxe3+ 33.Kg2 Nxf6 {#R} 0-1

[Event "It (c)"]
[Site "masterchessopen.com Wijk aan Zee (Netherlands)"]
[Round "1"]
[White "Riemersma Liafbern (NED)"]
[Black "Langeweg Kick (NED)"]
[Result "0-1"]
[WhiteElo "2420"]
[BlackElo "2365"]

1.d4 Nf6 2.c4 e6 3.Nc3 Bb4 4.e3 O-O 5.Bd3 d5 6.a3 Bxc3+ 7.bxc3 dxc4 8.Bxc4 c5
9.Nf3 Qc7 10.Ba2 b6 11.O-O Bb7 12.c4 cxd4 13.exd4 Nbd7 14.Re1 Rac8 15.Qd3 Ba6
16.Ne5 Nxe5 17.dxe5 Rfd8 18.Qe2 Ne8 19.Bg5 Rd4 20.Rac1 Bxc4 21.Qb2 Rg4 22.h4
Qc5 23.Kh2 b5 24.f3 Rd4 25.Kh3 Rd3 26.Re4 Qd5 27.a4 Qxe4 {#R} 0-1

[Event "Cup Arnold"]
[Site "masterchessopen.com Gausdal (Norway)"]
[Round "0"]
[White "Gausel Einar (NOR)"]
[Black "Petursson Margeir (ISL)"]
[Result "0-1"]
[WhiteElo "2460"]
[BlackElo "2555"]

1.d4 Nf6 2.c4 e6 3.Nc3 Bb4 4.e3 O-O 5.Bd3 d5 6.a3 Bxc3+ 7.bxc3 dxc4 8.Bxc4 c5
9.Ne2 Qc7 10.Bd3 e5 11.O-O Nc6 12.Qc2 Be6 13.f4 c4 14.Bf5 Bxf5 15.Qxf5 exd4
16.cxd4 Rac8 17.Bd2 Rfe8 18.Nc3 a6 19.Rf3 Ne7 20.Qc2 Qd7 21.Re1 Nf5 22.h3 h5
23.Na4 Nh4 24.Rff1 Qc6 25.Ba5 Nxg2 26.Qxg2 Qxa4 27.Bb4 Qc6 28.Rf3 Ne4 29.Kh2
f5 30.Rg1 Rc7 31.d5 Qxd5 32.Rg3 Qf7 33.Rg6 Re6 34.Rxe6 Qxe6 35.Qe2 Qf7 36.Rd1
c3 37.Rc1 Qc4 38.Qd1 Qf7 39.Qd3 Rd7 {#R} 0-1

[Event "It (open)"]
[Site "masterchessopen.com Dortmund (Germany)"]
[Round "4"]
[White "Hobuss Udo (GER)"]
[Black "Rechmann Peter (GER)"]
[Result "1-0"]
[WhiteElo "2393"]
[BlackElo "2316"]

1.d4 Nf6 2.c4 e6 3.Nc3 Bb4 4.e3 O-O 5.Bd3 d5 6.a3 Bxc3+ 7.bxc3 dxc4 8.Bxc4 c5
9.Ne2 Nc6 10.O-O e5 11.f3 cxd4 12.cxd4 exd4 13.exd4 Be6 14.Bxe6 fxe6 15.Be3
Nd5 16.Bf2 Qg5 17.Qd3 Rad8 18.Qe4 e5 19.Bh4 Qe3+ 20.Qxe3 Nxe3 21.Bxd8 Rxd8
22.Rfc1 exd4 23.Kf2 Re8 24.Ra2 h5 25.Rd2 Nf5 26.Ng3 Nxg3 27.hxg3 Re3 28.Rxd4
Rxa3 29.Rd7 Ra2+ 30.Ke3 Rb2 31.Rc5 a5 32.Rg5 a4 33.Rgxg7+ Kf8 34.Rdf7+ Ke8
35.Rxb7 {#r} 1-0

[Event "Ch France (team)"]
[Site "masterchessopen.com France"]
[Round "0"]
[White "Daloz Jean-Michel (FRA)"]
[Black "Verat Laurent (FRA)"]
[Result "0-1"]
[WhiteElo "2143"]
[BlackElo "2338"]

1.d4 Nf6 2.c4 e6 3.Nc3 Bb4 4.e3 O-O 5.Bd3 d5 6.a3 Bxc3+ 7.bxc3 c5 8.Ne2 Nc6
9.O-O b6 10.cxd5 exd5 11.Ng3 Re8 12.Bb2 a5 13.Qe2 c4 14.Bc2 b5 15.f3 h5 16.e4
h4 17.Nh1 Bf5 18.Qf2 dxe4 19.Qxh4 Bg6 20.Ng3 exf3 21.Bxg6 fxg6 22.Rxf3 Nd5
23.Qg4 Qd6 24.Raf1 Ne3 25.Ne4 Qxh2+ {#R} 0-1

[Event "It (open)"]
[Site "masterchessopen.com Metz (France)"]
[Round "2"]
[White "Levitt Jonathan (ENG)"]
[Black "Coste Thierry (FRA)"]
[Result "1-0"]
[WhiteElo "2420"]
[BlackElo "2176"]

1.d4 Nf6 2.c4 e6 3.Nc3 Bb4 4.e3 O-O 5.Bd3 d5 6.a3 Bxc3+ 7.bxc3 c5 8.cxd5 exd5
9.Ne2 Re8 10.O-O Nc6 11.f3 Bd7 12.Ng3 Qc7 13.Ra2 Re7 14.Re2 Rae8 15.Nf5 Bxf5
16.Bxf5 Qb6 17.Rfe1 Na5 18.Bd3 c4 19.Bc2 Qc6 20.a4 g6 21.Ba3 Re6 22.Bb4 Qc7
23.e4 Nc6 24.Ba3 Qa5 25.Qd2 a6 26.e5 Nh5 27.g4 Ng7 28.f4 f5 29.h3 Nd8 30.Rg2
Kh8 31.Rg3 Qb6 32.Kh2 Qc6 33.Reg1 Nf7 34.gxf5 Nxf5 35.Bxf5 gxf5 36.Qg2 Nh6
37.a5 Ng4+ 38.hxg4 Rh6+ 39.Rh3 {#r} 1-0

[Event "It (open)"]
[Site "masterchessopen.com Ostend (Belgium)"]
[Round "1"]
[White "Sadler Matthew (ENG)"]
[Black "Motwani Paul (SCO)"]
[Result "1-0"]
[WhiteElo "2440"]
[BlackElo "2494"]

1.d4 e6 2.c4 Nf6 3.Nc3 Bb4 4.e3 O-O 5.Bd3 d5 6.a3 Bxc3+ 7.bxc3 dxc4 8.Bxc4 c5
9.Ne2 Nc6 10.O-O e5 11.Bb2 Bf5 12.Ng3 Be6 13.Bxe6 fxe6 14.Qe2 Rf7 15.dxe5 Nxe5
16.c4 Qc7 17.Rad1 Raf8 18.Rd2 Rd7 19.Rxd7 Nexd7 20.f4 Rf7 21.Qd3 Nb6 22.f5 e5
23.a4 Ne4 24.Qxe4 Qc6 25.Qg4 Qxa4 26.Bxe5 Qa3 27.Bf4 Qb3 28.Rc1 a5 29.e4 Nd7
30.Qe2 a4 31.Rd1 a3 32.e5 Nxe5 33.Bxe5 a2 34.Rd8+ Rf8 35.Rxf8+ Kxf8 36.Bd6+
{#r} 1-0